Synonyms----Popular Phrases - Statistics

General Stats
  • This quiz has been taken 2,195 times
  • The average score is 8 of 14
Answer Stats
Hint Answer % Correct
Nosiness took away the felines life Curiosity killed the cat
85%
A Dorito on your rotator cuff A chip on your shoulder
82%
To wolf at the incorrect Oak Barking up the wrong tree
78%
Simple as a slice of pie A piece of cake
59%
The only thing excluded is what you wash dishes in Everything but the kitchen sink
59%
To lie about Little Red Riding Hood's nemesis Cry wolf
57%
The younger generation of a male is similar to the elder Like father, like son
56%
My glass of sweet, iced, or hot beverage My cup of tea
54%
In as good as health as Charlie Daniels' instrument Fit as a fiddle
52%
Trouble with Dill or Vlassic In a pickle
49%
Take a chance in a non-lit area Shot in the dark
44%
To crazily run after a webbed-foot waterbird Wild Goose chase
39%
Someone who is like a dull utensil in the garage Not the sharpest tool in the shed
30%
Water falling on your floats in the street Rain on your parade
30%
No matching quizzes found
Score Distribution
Percent of People with Each Score
Percentile by Number Answered
Your Score History
You have not taken this quiz